000 00649nam a22001697a 4500
003 OSt
005 20171010095524.0
008 120817t xxu||||| |||| 00| 0 eng d
040 _aMMSU
_cULS
100 _aDumbrique, Aida Michelle F.
_912312
245 _aFemale adolescents' separation from parents and their personality development: implications to nursing practice
_cAida Michelle F. Dumbrique
260 _c2001
300 _axviii, 118 leaves
_c28 cm.
500 _aThesis (MA Nursing-Maternal & Child Nursing) -- Mariano Marcos State University-Graduate School, Laoag City
504 _aBibliography: leaves 97-106
942 _2ddc
_cTHEDIS
999 _c9775
_d9775